Jungian psychotherapy (Record no. 115669)
[ view plain ]
| 000 -LEADER | |
|---|---|
| fixed length control field | 01180nam a2200301 a 4500 |
| 100 1# - MAIN ENTRY--AUTHOR NAME | |
| Personal name | Fordham, Michael. |
| 245 10 - TITLE STATEMENT | |
| Title | Jungian psychotherapy |
| 260 ## - PUBLICATION, DISTRIBUTION, ETC. (IMPRINT) | |
| Place of publication | London : |
| Name of publisher | Maresfield Library, |
| Year of publication | 1990. |
| 300 ## - PHYSICAL DESCRIPTION | |
| Number of Pages | vi, 185 p. |
| 500 ## - GENERAL NOTE | |
| General note | Originally published : John Wiley & Sons Ltd., 1978. |
| 650 #0 - SUBJECT ADDED ENTRY--TOPICAL TERM | |
| Topical Term | Jungian psychology. |
| 856 40 - ELECTRONIC LOCATION AND ACCESS | |
| Uniform Resource Identifier | http://site.ebrary.com/lib/rucke/Doc?id=10475812 |
No items available.
